000 010140000a22003250004500
041 0 _aEspañol
090 _aMM
_b00003
245 1 0 _aMejoramiento genético III
300 _a29 min.
_bBETA
650 1 4 _aSivicultura
_9100877
650 1 4 _aTécnicas de cultivo
_918377
650 1 4 _aEnraizamiento
_9100878
650 1 4 _aCultivos forestales
_921515
650 1 4 _aPinos
_931815
650 1 4 _aEucaliptos
_9100880
651 4 _dCundinamarca
_pColombia
_992749
651 4 _dSantander
_pColombia
_992749
651 4 _dTolima
_pColombia
_992749
651 4 _dMagdalena
_pColombia
_992749
651 4 _dQuindío
_pColombia
_992749
651 4 _dValle
_pColombia
_992749
651 4 _dVichada
_pColombia
_992749
653 _fPinaceae
_gPinus
_ePinus patula
653 _fCupressaceae
_gCupressus
_eCupressus lusitanica
041 0 _aEspañol
044 _aColombia
110 1 _aInstituto Nacional de los Recursos Renovables y del Ambiente
_sINDERENA
_9100867
260 _aBogotá
_bINDERENA
_c1992
942 _cCD-ROM
999 _c16466
_d16466